[Event "TCh-FRA Top 12 2011"]
[Site "Mulhouse FRA"]
[Date "2011.06.03"]
[Round "9"]
[White "Lamorelle, Yves"]
[Black "Wilson, Alexandra"]
[Result "1/2-1/2"]
[WhiteTitle "FM"]
[BlackTitle "WFM"]
[WhiteElo "2209"]
[BlackElo "2021"]
[WhiteTeam "Lutece Echecs"]
[BlackTeam "C.E. de Rueil Malmaison"]
[WhiteFideId "601810"]
[BlackFideId "411000"]
[EventDate "2011.05.26"]

1. e4 e6 2. d4 d5 3. e5 c5 4. c3 Nc6 5. Nf3 Bd7 6. Be2 f6 7. exf6 Nxf6 8. O-O
Qc7 9. Bg5 Bd6 10. dxc5 Bxc5 11. c4 d4 12. Nbd2 e5 13. Bd3 O-O-O 14. a3 h6 15.
Bh4 g5 16. Bg3 Nh5 17. Bxe5 Nxe5 18. Nxe5 Nf4 19. Nxd7 Nxd3 20. Nxc5 Nxc5 21.
Qg4+ Kb8 22. Qg3 Rhe8 23. Rfe1 Qxg3 24. hxg3 Nd3 25. Rxe8 Rxe8 26. Kf1 Nxb2 27.
Rb1 Na4 28. Nb3 d3 29. Re1 Rc8 30. Re4 Nb2 31. Nd2 b5 32. cxb5 Rc2 33. Nf3 d2
34. Nxd2 Rxd2 35. f4 gxf4 36. gxf4 Kc7 37. f5 Rd6 38. Kf2 Nd3+ 39. Ke3 Nc5 40.
Re7+ Kb6 41. Rg7 Nd7 42. Rg6 Rxg6 43. fxg6 Kxb5 44. g7 Nf6 45. Kd4 h5 46. Ke5
Ng8 47. Ke6 Ka4 48. Kf7 Nh6+ 49. Kg6 Ng8 50. Kxh5 Kxa3 51. Kg6 Kb4 52. g4 a5 53.
g5 a4 54. Kf7 a3 55. Kxg8 a2 56. Kf7 a1=Q 57. g8=Q Qa7+ 58. Kf6 Qd4+ 59. Kg6
Qe4+ 60. Kg7 Qe5+ 61. Kh7 Qh2+ 62. Kg6 Qc2+ 63. Kf6 Qc3+ 64. Kf7 Qc7+ 65. Kf6 1/2-1/2

[Event "TCh-FRA Top 12 2011"]
[Site "Mulhouse FRA"]
[Date "2011.06.03"]
[Round "9"]
[White "Edouard, Romain"]
[Black "Riazantsev, Alexander"]
[Result "1/2-1/2"]
[WhiteTitle "GM"]
[BlackTitle "GM"]
[WhiteElo "2602"]
[BlackElo "2679"]
[WhiteTeam "L'Echiquier Chalonnais"]
[BlackTeam "Club d'Echecs Metz Fischer"]
[WhiteFideId "633429"]
[BlackFideId "4125029"]
[EventDate "2011.05.26"]

1. e4 c6 2. d4 d5 3. e5 Bf5 4. Nf3 e6 5. Be2 Ne7 6. O-O c5 7. c4 Nbc6 8. Na3 a6
9. dxc5 d4 10. Qa4 d3 11. Rd1 Ng6 12. Be3 Qd7 13. b4 Be7 14. Ne1 Ngxe5 15. b5
Nd4 16. Bxd4 Qxd4 17. bxa6+ Nc6 18. Nb5 Qe5 19. Nf3 Qb8 20. a7 Qc8 21. Bxd3 Bxd3
22. Nd6+ Bxd6 23. cxd6 Rxa7 24. Qb3 Bxc4 25. Qxc4 Qd7 26. Ng5 O-O 27. Qe4 g6 28.
Qh4 f5 29. Qc4 Re8 30. h4 h6 31. Nh3 Kh7 32. Nf4 e5 33. Nd3 b6 34. Rac1 Nd4 35.
Nxe5 Qxd6 36. f4 Rd8 37. Nf7 Qxf4 38. Nxd8 Nf3+ 39. gxf3 Qg3+ 40. Kf1 Qxf3+ 41.
Ke1 Qe3+ 42. Kf1 Qf3+ 43. Ke1 Qe3+ 44. Kf1 1/2-1/2

[Event "TCh-FRA Top 12 2011"]
[Site "Mulhouse FRA"]
[Date "2011.06.03"]
[Round "9"]
[White "Iordachescu, Viorel"]
[Black "Barsov, Alexei"]
[Result "1/2-1/2"]
[WhiteTitle "GM"]
[BlackTitle "GM"]
[WhiteElo "2640"]
[BlackElo "2521"]
[WhiteTeam "Club d'Echecs Metz Fischer"]
[BlackTeam "L'Echiquier Chalonnais"]
[WhiteFideId "13900200"]
[BlackFideId "14200082"]
[EventDate "2011.05.26"]

1. e4 e6 2. d4 d5 3. Nc3 h6 4. Be3 Bb4 5. Ne2 dxe4 6. a3 Bxc3+ 7. Nxc3 Nf6 8. g4
b6 9. h4 Bb7 10. Rg1 Nd5 11. Nxd5 exd5 12. g5 h5 13. g6 f6 1/2-1/2

[Event "TCh-FRA Top 12 2011"]
[Site "Mulhouse FRA"]
[Date "2011.06.03"]
[Round "9"]
[White "Lazarev, Vladimir"]
[Black "Vernay, Clovis"]
[Result "1/2-1/2"]
[WhiteTitle "GM"]
[BlackTitle "IM"]
[WhiteElo "2443"]
[BlackElo "2462"]
[WhiteTeam "Club d'Echecs Metz Fischer"]
[BlackTeam "L'Echiquier Chalonnais"]
[WhiteFideId "4113250"]
[BlackFideId "633046"]
[EventDate "2011.05.26"]

1. d4 d5 2. c4 c6 3. Nf3 Nf6 4. e3 Bf5 5. Nc3 e6 6. Nh4 Be4 7. f3 Bg6 8. Qb3 Qc7
9. Bd2 Nbd7 10. cxd5 Nxd5 11. Nxg6 hxg6 12. g3 Be7 13. Kf2 Nxc3 14. bxc3 Bd6 15.
Kg2 O-O-O 16. Be2 Qa5 17. Rab1 Nb6 18. e4 Rd7 19. f4 Be7 20. h4 Rhd8 21. Rb2 Na4
22. Rbb1 Nb6 23. Rb2 Na4 24. Rbb1 Nb6 25. Rb2 Na4 1/2-1/2

[Event "TCh-FRA Top 12 2011"]
[Site "Mulhouse FRA"]
[Date "2011.06.03"]
[Round "9"]
[White "Dourerassou, Jonathan"]
[Black "Collas, Silvia"]
[Result "1-0"]
[WhiteTitle "IM"]
[BlackTitle "IM"]
[WhiteElo "2397"]
[BlackElo "2315"]
[WhiteTeam "L'Echiquier Chalonnais"]
[BlackTeam "Club d'Echecs Metz Fischer"]
[WhiteFideId "628050"]
[BlackFideId "2902265"]
[EventDate "2011.05.26"]

1. e4 e5 2. Nf3 Nc6 3. Bb5 Nf6 4. O-O Nxe4 5. d4 Nd6 6. Bg5 Be7 7. Bxe7 Nxe7 8.
dxe5 Nxb5 9. a4 d6 10. Qe2 dxe5 11. Qxb5+ Qd7 12. Qxe5 O-O 13. Nc3 Ng6 14. Qg3
c6 15. a5 Qg4 16. Na4 Qc4 17. c3 Nf4 18. Kh1 Ne6 19. Ne5 Qb5 20. b4 f6 21. Nd3
Rd8 22. Nac5 Qc4 23. Rfe1 Nxc5 24. Nxc5 Qf7 25. Qf3 g6 26. Re3 Rd6 27. Rae1 Kf8
28. Qf4 1-0

[Event "TCh-FRA Top 12 2011"]
[Site "Mulhouse FRA"]
[Date "2011.06.03"]
[Round "9"]
[White "Taddei, Benoit"]
[Black "Muller, Anne"]
[Result "1-0"]
[WhiteTitle "FM"]
[BlackTitle "WIM"]
[WhiteElo "2300"]
[BlackElo "2152"]
[WhiteTeam "Club d'Echecs Metz Fischer"]
[BlackTeam "L'Echiquier Chalonnais"]
[WhiteFideId "610151"]
[BlackFideId "604674"]
[EventDate "2011.05.26"]

1. e4 c5 2. Nf3 d6 3. d4 cxd4 4. Nxd4 Nf6 5. Nc3 e6 6. g4 e5 7. Nf5 h5 8. Bg5
hxg4 9. Nd5 Bxf5 10. Bxf6 gxf6 11. exf5 Nc6 12. c3 Rh4 13. Rg1 Rxh2 14. Rxg4 Rh8
15. Qa4 a6 16. O-O-O Be7 17. Rb4 b5 18. Bxb5 axb5 19. Qxb5 Kf8 20. Qxc6 Rxa2 21.
Rb7 Ra1+ 22. Kc2 Rxd1 23. Kxd1 Rh1+ 24. Kc2 Qa8 25. Nxe7 Qa1 26. Rb8+ Kg7 27.
Qg2+ 1-0

[Event "TCh-FRA Top 12 2011"]
[Site "Mulhouse FRA"]
[Date "2011.06.03"]
[Round "9"]
[White "Sanikidze, Tornike"]
[Black "Magem Badals, Jordi"]
[Result "1-0"]
[WhiteTitle "GM"]
[BlackTitle "GM"]
[WhiteElo "2524"]
[BlackElo "2569"]
[WhiteTeam "C.E. Strasbourg"]
[BlackTeam "A.J.E. Noyon"]
[WhiteFideId "13602608"]
[BlackFideId "2200074"]
[EventDate "2011.05.26"]

1. d4 d5 2. Nf3 Nf6 3. c4 c6 4. cxd5 cxd5 5. Nc3 Nc6 6. Bf4 a6 7. Ne5 e6 8. Nxc6
bxc6 9. g3 Bd6 10. Qd2 c5 11. Bg2 Bb7 12. O-O O-O 13. dxc5 Bxc5 14. Rac1 Rc8 15.
Na4 Bd6 16. Rxc8 Bxc8 17. Bxd6 Qxd6 18. Rc1 e5 19. Qa5 Bg4 20. Qb6 Qxb6 21. Nxb6
Bxe2 22. Nxd5 Rd8 23. Rc5 Nxd5 24. Bxd5 Kf8 25. f3 f6 26. Kf2 Bb5 27. Ke3 Ke7
28. Bc4 Bxc4 29. Rxc4 Rb8 30. b3 Kd6 31. Rh4 h6 32. Ra4 Rb6 33. h4 h5 34. g4
hxg4 35. fxg4 Ke6 36. h5 Kf7 37. Rc4 Rd6 38. b4 Rd1 39. a4 Re1+ 40. Kf3 Ra1 41.
a5 Rf1+ 42. Ke4 Re1+ 43. Kd5 Rd1+ 44. Kc6 f5 45. gxf5 Kf6 46. Kb7 Rd6 47. b5
axb5 48. Rc1 b4 49. a6 b3 50. a7 Rd7+ 51. Kb6 Rd8 52. Rb1 Kxf5 53. Rxb3 Kg4 54.
Kc6 Ra8 55. Kb7 Rxa7+ 56. Kxa7 Kxh5 57. Kb6 g5 58. Kc5 g4 59. Kd5 Kh4 1-0

[Event "TCh-FRA Top 12 2011"]
[Site "Mulhouse FRA"]
[Date "2011.06.03"]
[Round "9"]
[White "Rozentalis, Eduardas"]
[Black "Kovchan, Alexander"]
[Result "1/2-1/2"]
[WhiteTitle "GM"]
[BlackTitle "GM"]
[WhiteElo "2573"]
[BlackElo "2558"]
[WhiteTeam "C.E. Strasbourg"]
[BlackTeam "A.J.E. Noyon"]
[WhiteFideId "12800023"]
[BlackFideId "14103052"]
[EventDate "2011.05.26"]

1. e4 c6 2. d4 d5 3. Nc3 dxe4 4. Nxe4 Bf5 5. Ng3 Bg6 6. N1e2 Nf6 7. c3 Nbd7 8.
Nf4 e5 9. dxe5 Nxe5 10. Qe2 Qe7 11. Be3 O-O-O 12. Bd4 Re8 13. O-O-O Qc7 14. Nxg6
hxg6 15. Qc2 Ned7 16. Bc4 Nb6 17. Bxb6 axb6 18. Qb3 Re7 19. a4 Rh4 20. Kb1 Nd7
21. f3 Nc5 22. Qa2 Qe5 23. Rd2 Qxg3 24. hxg3 Rxh1+ 25. Kc2 Ree1 26. b4 Ra1 27.
bxc5 Rxa2+ 28. Bxa2 Bxc5 29. Bxf7 g5 30. Be6+ Kb8 31. Rd8+ Ka7 32. Rg8 Re1 33.
Bh3 Re7 34. f4 Bf2 35. fxg5 Bxg3 36. g6 b5 37. axb5 cxb5 38. Rf8 Rc7 39. Rf3 Be5
40. Kb3 Kb6 41. Be6 Rxc3+ 42. Rxc3 Bxc3 43. Kxc3 Kc5 1/2-1/2

[Event "TCh-FRA Top 12 2011"]
[Site "Mulhouse FRA"]
[Date "2011.06.03"]
[Round "9"]
[White "Kallai, Gabor"]
[Black "Marcelin, Cyril"]
[Result "1/2-1/2"]
[WhiteTitle "GM"]
[BlackTitle "GM"]
[WhiteElo "2460"]
[BlackElo "2482"]
[WhiteTeam "C.E. Strasbourg"]
[BlackTeam "A.J.E. Noyon"]
[WhiteFideId "700282"]
[BlackFideId "607274"]
[EventDate "2011.05.26"]

1. d4 d5 2. c4 e6 3. Nf3 Nf6 4. e3 a6 5. Nc3 dxc4 6. a4 c5 7. Bxc4 Nc6 8. O-O
cxd4 9. exd4 Be7 10. Bg5 O-O 11. Qd2 Nb4 12. Rad1 b6 13. Rfe1 Bb7 14. Ne5 Nbd5
15. f3 Rc8 16. Qe2 Nxc3 17. bxc3 b5 18. axb5 axb5 19. Bxb5 Nd5 20. Bd2 Rxc3 21.
Nd7 Re8 22. Nc5 Bxc5 23. dxc5 Rxc5 24. Bxe8 Qxe8 25. Rb1 Qc6 26. Rec1 h6 27.
Rxc5 Qxc5+ 28. Qf2 Qxf2+ 29. Kxf2 Ba6 30. Rb8+ Kh7 31. Ra8 Bd3 32. Ra7 Bg6 33.
Bc1 Kg8 34. Bb2 Kh7 35. Rb7 Kg8 36. Be5 Kh7 37. g4 Kg8 38. Kg3 f6 39. Bb2 e5 40.
Ba3 Nf4 41. Rb8+ Kh7 42. Bc5 Bf7 43. Be3 Ne6 44. Kf2 Bg6 45. Rc8 Bf7 46. Ke2 Bg6
47. h4 Bf7 48. Ra8 Bg6 49. Ra7 Kg8 50. Kd2 Kf8 51. Rd7 Be8 52. Rd6 Ke7 53. Rb6
Bg6 54. Kc3 Bf7 55. Kb4 Bg6 56. Rb7+ Kf8 57. Kc3 Bf7 58. Rb8+ Ke7 59. Kd3 Bg6+
60. Kc4 Bf7 61. Kb5 Be8+ 62. Kb6 Ba4 63. Rb7+ Kf8 64. Rb8+ Kf7 65. Rb7+ Kf8 66.
Rb8+ Kf7 67. Rb7+ 1/2-1/2

[Event "TCh-FRA Top 12 2011"]
[Site "Mulhouse FRA"]
[Date "2011.06.03"]
[Round "9"]
[White "Bauer, Christian"]
[Black "Cornette, Matthieu"]
[Result "1-0"]
[WhiteTitle "GM"]
[BlackTitle "GM"]
[WhiteElo "2638"]
[BlackElo "2562"]
[WhiteTeam "Vandoeuvre-Echecs"]
[BlackTeam "Echiquier Guingampais"]
[WhiteFideId "603767"]
[BlackFideId "620084"]
[EventDate "2011.05.26"]

1. d4 Nf6 2. Nf3 g6 3. Bg5 Bg7 4. Nbd2 d6 5. c3 Nbd7 6. e4 h6 7. Bh4 g5 8. Bg3
Nh5 9. Nc4 e6 10. Ne3 Qe7 11. Qa4 a6 12. O-O-O Kf8 13. Kb1 c5 14. Qa3 Nxg3 15.
hxg3 Rb8 16. Bd3 b6 17. Bc2 Bb7 18. d5 b5 19. Qa5 Rc8 20. Rd2 c4 21. dxe6 fxe6
22. Rhd1 Rc6 23. Qa3 Nc5 24. e5 d5 25. Ng4 h5 26. Nf6 Bxf6 27. exf6 Qxf6 28. Nd4
Rc8 29. f4 gxf4 30. gxf4 Kf7 31. g3 h4 32. gxh4 Rxh4 33. Rg2 Rxf4 34. Rg6 Qh8
35. Nxe6 Nxe6 36. Qd6 Qe8 37. Rh1 Re4 38. Bxe4 dxe4 39. Rxe6 Qxe6 40. Rf1+ 1-0

[Event "TCh-FRA Top 12 2011"]
[Site "Mulhouse FRA"]
[Date "2011.06.03"]
[Round "9"]
[White "Dumitrache, Dragos-Nicolae"]
[Black "Meier, Georg"]
[Result "0-1"]
[WhiteTitle "IM"]
[BlackTitle "GM"]
[WhiteElo "2445"]
[BlackElo "2650"]
[WhiteTeam "Echiquier Guingampais"]
[BlackTeam "Vandoeuvre-Echecs"]
[WhiteFideId "1200437"]
[BlackFideId "4675789"]
[EventDate "2011.05.26"]

1. d4 Nf6 2. c4 e6 3. Nc3 Bb4 4. e3 O-O 5. Bd3 c5 6. Nf3 d5 7. O-O cxd4 8. exd4
dxc4 9. Bxc4 b6 10. Bg5 Bb7 11. Rc1 Nbd7 12. Re1 Rc8 13. Bd3 Re8 14. Ne5 Nxe5
15. dxe5 Bxc3 16. bxc3 Qd5 17. f3 Red8 18. Rc2 h6 19. Be3 Qxe5 20. Bd4 Qg5 21.
Re5 Qf4 22. Qe1 Rd5 23. Rxd5 Nxd5 24. Be4 Bc6 25. Re2 Qd6 26. Be5 Qc5+ 27. Kh1
Nf6 28. Bd4 Qg5 29. Bd3 Nd7 30. h4 Qf4 31. Be3 Qc7 32. Bb1 Bb5 33. Rd2 Qxc3 34.
Bd4 Qc1 35. Rd1 Qf4 36. Be3 Qc7 37. Qb4 Bc6 38. Bf4 Qb7 39. Qb3 Bd5 40. Qd3 Nf8
41. Bd6 Qc6 42. Bxf8 Kxf8 43. Qh7 Qa4 0-1

[Event "TCh-FRA Top 12 2011"]
[Site "Mulhouse FRA"]
[Date "2011.06.03"]
[Round "9"]
[White "Brunner, Nicolas"]
[Black "Hausrath, Daniel"]
[Result "1/2-1/2"]
[WhiteTitle "IM"]
[BlackTitle "IM"]
[WhiteElo "2450"]
[BlackElo "2515"]
[WhiteTeam "Vandoeuvre-Echecs"]
[BlackTeam "Echiquier Guingampais"]
[WhiteFideId "620246"]
[BlackFideId "4617495"]
[EventDate "2011.05.26"]

1. d4 Nf6 2. c4 g6 3. Nc3 Bg7 4. e4 d6 5. Nf3 O-O 6. Be2 c5 7. O-O cxd4 8. Nxd4
Nc6 9. Be3 Bd7 10. Qd2 Nxd4 11. Bxd4 Bc6 12. f3 Nd7 13. Be3 a5 14. b3 Nc5 15.
Rab1 Qb6 16. Rfc1 Rfc8 17. Rc2 h5 18. Bf1 Qd8 19. a3 Qf8 20. Ne2 Ne6 21. g3 Kh7
22. Bh3 b5 23. Nf4 Bd7 24. Nxe6 Bxe6 25. Bxe6 fxe6 26. Kg2 bxc4 27. bxc4 Qe8 1/2-1/2

[Event "TCh-FRA Top 12 2011"]
[Site "Mulhouse FRA"]
[Date "2011.06.03"]
[Round "9"]
[White "Terrieux, Kevin"]
[Black "Philippe, Christophe"]
[Result "1/2-1/2"]
[WhiteTitle "IM"]
[BlackTitle "IM"]
[WhiteElo "2434"]
[BlackElo "2422"]
[WhiteTeam "Echiquier Guingampais"]
[BlackTeam "Vandoeuvre-Echecs"]
[WhiteFideId "622591"]
[BlackFideId "610038"]
[EventDate "2011.05.26"]

1. d4 d5 2. Nf3 Nc6 3. e3 Bg4 4. Bb5 e6 5. c4 Bb4+ 6. Bd2 Bxd2+ 7. Nbxd2 Ne7 8.
h3 Bh5 9. cxd5 exd5 10. Qb3 Rb8 11. Ne5 O-O 12. Bxc6 Nxc6 13. Nd3 Qg5 14. g4 Bg6
15. Nc5 Qe7 16. Qc3 f5 17. Rg1 f4 18. O-O-O Rbe8 19. Rde1 fxe3 20. Rxe3 Qf6 21.
Nd7 Qxd4 22. Nxf8 Rxf8 23. Qxd4 Nxd4 24. f3 Rf6 25. Kd1 Rb6 26. Nb3 Bc2+ 27. Kd2
Bxb3 28. axb3 Nxb3+ 29. Kd3 c5 30. Re8+ Kf7 31. Rge1 Nd4 32. R1e7+ Kf6 33. f4
Rb3+ 34. Kd2 Rxb2+ 35. Kc1 Rc2+ 36. Kd1 c4 37. Rc7 c3 38. Ree7 Rd2+ 39. Ke1 Nf3+
40. Kf1 Nh2+ 41. Ke1 Nf3+ 42. Kf1 d4 43. Rcd7 1/2-1/2

[Event "TCh-FRA Top 12 2011"]
[Site "Mulhouse FRA"]
[Date "2011.06.03"]
[Round "9"]
[White "Nezar, Mustapha"]
[Black "Le Roux, Jean-Pierre"]
[Result "0-1"]
[WhiteTitle "IM"]
[BlackTitle "GM"]
[WhiteElo "2405"]
[BlackElo "2523"]
[WhiteTeam "Vandoeuvre-Echecs"]
[BlackTeam "Echiquier Guingampais"]
[WhiteFideId "608637"]
[BlackFideId "609404"]
[EventDate "2011.05.26"]

1. d4 Nf6 2. c4 g6 3. Nc3 d5 4. Nf3 Bg7 5. Qb3 dxc4 6. Qxc4 O-O 7. e4 a6 8. Be2
b5 9. Qb3 c5 10. dxc5 Bb7 11. O-O Nxe4 12. Nxe4 Bxe4 13. Bg5 Nc6 14. Rfd1 Qc8
15. Be3 Qf5 16. Rd2 e6 17. h3 Bd5 18. Qd1 Rad8 19. a4 b4 20. Bxa6 Na5 21. Bd3
Bxf3 22. gxf3 Qxh3 23. f4 Qh4 24. Rc1 Bd4 25. Qf3 Nb3 26. Rdc2 Nxc1 27. Bxc1 b3
28. Rc4 Qf6 29. Qe2 Rc8 30. c6 e5 31. Be4 exf4 32. Qd3 Bxb2 33. Qxb3 Bxc1 34.
Rxc1 f3 35. Rc5 Qa1+ 36. Kh2 Qd4 37. Qc2 Qd6+ 38. Kh3 Qf4 39. Rc3 Rfe8 40. Bxf3
Re1 41. Kg2 Qg5+ 42. Kh3 Qh6+ 43. Kg2 Rce8 44. Bg4 Qh1+ 45. Kg3 Rg1+ 46. Kf4
Qh2+ 47. Rg3 Rxg3 0-1

[Event "TCh-FRA Top 12 2011"]
[Site "Mulhouse FRA"]
[Date "2011.06.03"]
[Round "9"]
[White "Bailet, Pierre"]
[Black "Paci, Cedric"]
[Result "1/2-1/2"]
[WhiteTitle "FM"]
[BlackTitle "FM"]
[WhiteElo "2429"]
[BlackElo "2389"]
[WhiteTeam "Echiquier Guingampais"]
[BlackTeam "Vandoeuvre-Echecs"]
[WhiteFideId "655830"]
[BlackFideId "614203"]
[EventDate "2011.05.26"]

1. Nf3 c5 2. e4 Nc6 3. d4 cxd4 4. Nxd4 e5 5. Nb5 a6 6. Nd6+ Bxd6 7. Qxd6 Qf6 8.
Qxf6 Nxf6 9. Nc3 Nb4 10. Kd2 d6 11. a3 Nc6 12. Bd3 Be6 13. Rd1 O-O-O 14. Ke1 d5
15. exd5 Nxd5 16. Nxd5 Bxd5 17. Kf1 Bc4 18. Be3 Bxd3+ 19. Rxd3 Rxd3 20. cxd3 Rd8
21. Ke2 Nd4+ 22. Bxd4 Rxd4 1/2-1/2

[Event "TCh-FRA Top 12 2011"]
[Site "Mulhouse FRA"]
[Date "2011.06.03"]
[Round "9"]
[White "Steil-Antoni, Fiona"]
[Black "Le Diouron, Aurelie"]
[Result "0-1"]
[WhiteTitle "WIM"]
[WhiteElo "2093"]
[BlackElo "1981"]
[WhiteTeam "Vandoeuvre-Echecs"]
[BlackTeam "Echiquier Guingampais"]
[WhiteFideId "4001249"]
[BlackFideId "637432"]
[EventDate "2011.05.26"]

1. e4 c5 2. Nc3 Nc6 3. g3 g6 4. Bg2 Bg7 5. d3 d6 6. Be3 Nd4 7. Qd2 Qa5 8. f4 Nf6
9. h3 Nh5 10. Kf2 f5 11. Nf3 O-O 12. Rhd1 e5 13. fxe5 dxe5 14. Bxd4 exd4 15. Nd5
Qd8 16. Qe1 Qd6 17. Kg1 Nxg3 18. e5 Qxd5 19. Qxg3 f4 20. Qh4 Bxe5 21. Re1 Bf6
22. Qxf4 Qf5 23. Qg3 Qh5 24. Kh2 Bf5 25. Re2 Rac8 26. Rae1 b5 27. Qf4 Bg7 28.
Qh4 Qxh4 29. Nxh4 c4 30. Bd5+ Kh8 31. Nxf5 gxf5 32. dxc4 bxc4 33. Re7 d3 34.
cxd3 cxd3 35. Rxa7 Rc2+ 36. Kg3 d2 37. Rd1 Bxb2 38. Bb3 Rc3+ 39. Kf4 Rxh3 40.
Rd7 Bc1 41. Rb7 Rh4+ 42. Kg5 Rg4+ 43. Kh5 Rg2 44. a4 f4 45. a5 Rf5+ 46. Kh4 f3
47. a6 Rf6 48. Rb8+ Kg7 49. Rg8+ Kh6 50. a7 Rxg8 51. Bxg8 Ra6 52. Bd5 Rxa7 53.
Bxf3 Ra4+ 54. Kg3 Kg5 55. Rh1 h6 56. Kf2 Rd4 57. Rh5+ Kg6 58. Rh1 Ba3 59. Ke2
Be7 60. Ke3 Rd8 61. Be4+ Kg7 62. Bc2 Bg5+ 63. Kf2 Rc8 64. Bd1 Rc1 65. Ke2 Kg6
66. Kd3 Kf6 67. Ke4 h5 68. Rf1+ Kg6 69. Rh1 h4 70. Rf1 Rc4+ 71. Kd3 Rb4 72. Bf3
h3 73. Ke2 Rc4 74. Rh1 Rc1 75. Rd1 h2 76. Be4+ Kf6 77. Bg2 Ke5 78. Bb7 Kf5 79.
Rh1 Bf4 80. Bf3 Kg5 81. Be4 0-1

[Event "TCh-FRA Top 12 2011"]
[Site "Mulhouse FRA"]
[Date "2011.06.04"]
[Round "10"]
[White "Dorfman, Iossif"]
[Black "Bricard, Emmanuel"]
[Result "1/2-1/2"]
[WhiteTitle "GM"]
[BlackTitle "GM"]
[WhiteElo "2585"]
[BlackElo "2492"]
[WhiteTeam "Evry Grand Roque"]
[BlackTeam "Mulhouse Philidor"]
[WhiteFideId "604011"]
[BlackFideId "600245"]
[EventDate "2011.05.26"]

1. d4 e6 2. c4 f5 3. g3 Nf6 4. Bg2 Be7 5. Nf3 d5 6. O-O c6 7. Qc2 O-O 8. b3 b6
9. Bb2 Bb7 10. Nbd2 Ne4 11. Ne5 Nd7 12. Ndf3 Bd6 13. e3 Rc8 1/2-1/2

[Event "TCh-FRA Top 12 2011"]
[Site "Mulhouse FRA"]
[Date "2011.06.04"]
[Round "10"]
[White "Delchev, Aleksander"]
[Black "Demuth, Adrien"]
[Result "1/2-1/2"]
[WhiteTitle "GM"]
[BlackTitle "IM"]
[WhiteElo "2619"]
[BlackElo "2414"]
[WhiteTeam "Marseille Echecs"]
[BlackTeam "L'Echiquier Chalonnais"]
[WhiteFideId "2900394"]
[BlackFideId "642274"]
[EventDate "2011.05.26"]

1. e4 e5 2. Nf3 Nc6 3. Bb5 a6 4. Ba4 Nge7 5. c3 g6 6. d4 exd4 7. cxd4 b5 8. Bb3
Bg7 9. Nc3 Na5 10. Bc2 d6 11. h3 O-O 12. O-O Bb7 13. Rb1 Nc4 14. b3 Nb6 15. Ne2
Qd7 16. Nh2 Rae8 17. Bf4 f5 18. f3 Qe6 19. Ng3 Qf6 20. Ne2 Qe6 21. Ng3 Qf6 22.
Ne2 1/2-1/2

[Event "TCh-FRA Top 12 2011"]
[Site "Mulhouse FRA"]
[Date "2011.06.04"]
[Round "10"]
[White "Dourerassou, Jonathan"]
[Black "Gozzoli, Yannick"]
[Result "1-0"]
[WhiteTitle "IM"]
[BlackTitle "IM"]
[WhiteElo "2397"]
[BlackElo "2530"]
[WhiteTeam "L'Echiquier Chalonnais"]
[BlackTeam "Marseille Echecs"]
[WhiteFideId "628050"]
[BlackFideId "616915"]
[EventDate "2011.05.26"]

1. e4 e5 2. Nf3 Nc6 3. Bb5 Nf6 4. O-O Nxe4 5. d4 Nd6 6. dxe5 Nxb5 7. a4 Nbd4 8.
Nxd4 d5 9. Nxc6 bxc6 10. Nc3 Qd7 11. Qd4 Qf5 12. b4 Be6 13. Ba3 c5 14. bxc5 c6
15. Ne2 g5 16. Qd2 Bg7 17. Nd4 Qxe5 18. Nxc6 Qc3 19. Qxg5 Bf6 20. Qf4 Rg8 21.
Rab1 Kf8 22. Qd6+ Kg7 23. Bb2 1-0

[Event "TCh-FRA Top 12 2011"]
[Site "Mulhouse FRA"]
[Date "2011.06.04"]
[Round "10"]
[White "Muller, Anne"]
[Black "Delorme, Laurie"]
[Result "1/2-1/2"]
[WhiteTitle "WIM"]
[BlackTitle "WIM"]
[WhiteElo "2152"]
[BlackElo "2204"]
[WhiteTeam "L'Echiquier Chalonnais"]
[BlackTeam "Marseille Echecs"]
[WhiteFideId "604674"]
[BlackFideId "630829"]
[EventDate "2011.05.26"]

1. e4 e5 2. Nf3 Nc6 3. Bc4 Nf6 4. d3 Be7 5. O-O O-O 6. a4 d6 7. h3 Be6 8. Nbd2
d5 9. exd5 Bxd5 10. Re1 Bxc4 11. Nxc4 e4 12. dxe4 Qxd1 13. Rxd1 Nxe4 14. c3 Bc5
15. Be3 Rad8 16. Kf1 a5 17. Re1 Bxe3 18. Rxe3 Nc5 19. Nfe5 Nxe5 20. Rxe5 b6 1/2-1/2

[Event "TCh-FRA Top 12 2011"]
[Site "Mulhouse FRA"]
[Date "2011.06.04"]
[Round "10"]
[White "Pelletier, Yannick"]
[Black "Koch, Jean-Rene"]
[Result "1-0"]
[WhiteTitle "GM"]
[BlackTitle "IM"]
[WhiteElo "2587"]
[BlackElo "2476"]
[WhiteTeam "Clichy-Echecs-92"]
[BlackTeam "Club d'Echecs Metz Fischer"]
[WhiteFideId "1301837"]
[BlackFideId "600148"]
[EventDate "2011.05.26"]

1. Nf3 f5 2. d4 d6 3. c4 Nf6 4. Nc3 g6 5. g3 Bg7 6. Bg2 O-O 7. O-O Qe8 8. Re1
Qf7 9. e4 Nxe4 10. Nxe4 fxe4 11. Rxe4 Bf5 12. Ng5 Qf6 13. Rh4 h6 14. Bd5+ e6 15.
Nxe6 Bxe6 16. Rf4 Qe7 17. Re4 Rf6 18. Bxb7 Qf7 19. Rxe6 Rxe6 20. Bxa8 c6 21. d5
Re8 22. dxc6 Qxc4 23. Be3 Na6 24. Bb7 Bxb2 25. Bxa6 Qxa6 26. Qb3+ 1-0

[Event "TCh-FRA Top 12 2011"]
[Site "Mulhouse FRA"]
[Date "2011.06.04"]
[Round "10"]
[White "Taddei, Benoit"]
[Black "Fressinet, Laurent"]
[Result "0-1"]
[WhiteTitle "FM"]
[BlackTitle "GM"]
[WhiteElo "2300"]
[BlackElo "2677"]
[WhiteTeam "Club d'Echecs Metz Fischer"]
[BlackTeam "Clichy-Echecs-92"]
[WhiteFideId "610151"]
[BlackFideId "608742"]
[EventDate "2011.05.26"]

1. e4 c6 2. Nc3 d5 3. Nf3 g6 4. d4 Bg7 5. h3 dxe4 6. Nxe4 Bf5 7. Ng3 Be6 8. c4
Nf6 9. Be2 O-O 10. O-O b5 11. cxb5 a6 12. bxc6 Nxc6 13. Qa4 Qb6 14. Bg5 Nd5 15.
Rfd1 h6 16. Be3 Rfc8 17. Rac1 f5 18. Bd2 Kh7 19. Bc3 Bf6 20. Bf1 a5 21. Re1 Ncb4
22. Ne5 Nxc3 23. bxc3 Nxa2 24. Nc4 Bxc4 25. Bxc4 Nxc1 26. Rxc1 Ra7 27. Re1 Qc6
28. Bb5 Qxc3 29. Rd1 Qb4 0-1